Score 0/24 Timer 03:00
0 Plays Today
Mixed Word Answer % Correct
TACCat
99.9%
AWSSaw
99.6%
LPAYPlay
98.5%
OTABBoat
98.5%
WNODDown
94.9%
PTIRTrip
94.9%
LBLABall
94.5%
TNIPOPoint
90.8%
DRGIGrid
90.7%
RCDOCord
89.9%
PNTLAPlant
86.8%
LDILRDrill
78.1%
Mixed Word Answer % Correct
DHOCRChord
74.4%
RELOWFFlower
73.3%
EBRKORBroker
67.9%
ROWMEMower
65.6%
YHRUNGHungry
53.4%
NDEVIRDriven
50.7%
HEIGRHHigher
37.7%
ASROLSolar
33.9%
RRANSGERangers
32.9%
Common BondPower
30.1%
AITCOMAtomic
11.1%
TAOGUEOutage
7.6%

You're not logged in!

Compare scores with friends on all Sporcle quizzes.
OR
Log In

Sporcle TV

Today on Sporcle TV


Watch our educational content, quiz creation guides, and fun videos on Sporcle TV.

Show Comments

Extras

Top Quizzes Today


Score Distribution

Your Account Isn't Verified!

In order to create a playlist on Sporcle, you need to verify the email address you used during registration. Go to your Sporcle Settings to finish the process.

Report this User

Report this user for behavior that violates our Community Guidelines.

Details: